[Event "RUS-Cup03 Geller Memorial"]
[Site "Moscow"]
[Date "1999.02.08"]
[Round "7"]
[White "Filipenko, Alexander V"]
[Black "Tosic, Miroslav"]
[Result "0-1"]
[WhiteElo "2360"]
[BlackElo "2517"]
[Annotator "Ftacnik,L"]
[PlyCount "94"]
[EventDate "1999.02.10"]
[EventType "swiss"]
[EventRounds "9"]
[EventCountry "RUS"]
[SourceTitle "CBM 070"]
[Source "ChessBase"]
[SourceDate "1999.06.08"]
[SourceVersion "1"]
[SourceVersionDate "1999.06.08"]
[SourceQuality "1"]

1. e4 c5 2. Nf3 e6 3. d4 cxd4 4. Nxd4 Nc6 5. Nc3 d6 6. Be3 Nf6 7. f4 Bd7 8. Qf3
Nxd4 9. Bxd4 Qa5 10. O-O-O Bc6 11. Bxf6 {With this move the opening quickly
obtains the features of the famous Richter-Rauzer line of the Sicilian.} (11.
Kb1 Be7 12. g4 O-O (12... e5 13. fxe5 dxe5 14. Be3 Qb4 15. Bd3 Bc5 16. g5 Nd7
17. a3 Qb6 18. Bc4 O-O 19. Bc1 Bd4 20. Nd5 Bxd5 21. Bxd5 Qc7 {1/2-1/2 Psakhis,
L-Boensch,U/Sochi 1984/ (37)}) 13. g5 Nd7 14. Bh3 (14. h4 Rfe8 15. h5 f5 16.
gxf6 Bxf6 17. h6 g6 18. Bc4 Bxd4 19. Rxd4 Qc5 20. Rhd1 {1-0 Vogt,L-Malich,B/
DDR 1978/ (53)}) 14... Rad8 15. f5 exf5 16. Bxf5 Ne5 17. Bxh7+ Kxh7 18. Qh5+
Kg8 19. Rd3 Bxg5 20. Qxg5 f6 21. Qf5 Bd7 {0-1 Barle,J-Larsen,B/Ljubljana 1977/
(44)}) (11. Bc4 O-O-O (11... h5 12. Rhe1 O-O-O 13. f5 e5 14. Bf2 Rd7 15. Kb1
Kb8 16. Nd5 Nxd5 17. Bxd5 Bxd5 18. Rxd5 Qa6 19. Re3 b6 20. Red3 Rc7 21. b3 Qc8
22. c4 {1-0 Kupreichik,V-Giffard,N/Val Maubuee 1990/ (50)}) 12. Bb3 Kb8 13.
Rhe1 Nd7 14. Qg3 Nc5 15. Bc4 Qb4 16. Bf1 f6 17. a3 Qa5 18. Bxc5 Qxc5 19. Re3 a5
20. Be2 g5 21. Rf3 gxf4 22. Qxf4 Be7 {1/2-1/2 Joseph,S-Moeckel,G/EU-chT3
corr8392 1983/ (29)}) (11. g4 b5 (11... h6 12. h4 O-O-O 13. g5 Nd7 14. Bg2 Kb8
15. Qf2 Rc8 16. Rhf1 Nc5 17. Kb1 Na4 18. Nxa4 Bxa4 19. b3 Bc6 20. f5 hxg5 21.
hxg5 exf5 22. Qxf5 Qxf5 23. Rxf5 Rh2 24. Bf3 Be8 {0-1 Moro Lorente,R-Cristobal,
R/Mar del Plata 1993/ (34)}) 12. g5 Nd7 13. Kb1 b4 14. Ne2 d5 15. Bg2 Nb6 16.
Qh3 dxe4 17. Ng3 Bd5 18. b3 Rc8 19. Nxe4 Nc4 20. c3 Na3+ 21. Kb2 Nb5 {0-1
Kouwenhoven,M-Palko,G/Szeged 1994/ (58)}) 11... gxf6 12. Bc4 (12. f5 O-O-O 13.
Bc4 Qe5 14. a4 a6 15. Rhe1 Kb8 16. Qf2 Rc8 17. Qb6 exf5 18. Bd5 Qxh2 19. Na2
Bxd5 20. exd5 Qf4+ 21. Kb1 Qxa4 22. Nb4 Ka8 {1/2-1/2 Fuchs,R-Stein,L/
Kislovodsk 1966/ (35)}) 12... O-O-O 13. Bb3 h5 14. f5 Qe5 15. Rhf1 Bg7 $2 (
15... Qxh2 $2 16. fxe6 fxe6 17. Bxe6+ Kb8 18. Bd5 $16) (15... Be7 $5 16. Nd5
Bf8 17. fxe6 fxe6 18. Nxf6 Bg7 19. Qc3 (19. Qh3 d5 $1) 19... Kb8 $14) 16. Rde1
$6 {Filipenko misses a great chance to punish black for his last inaccurate
move.} (16. fxe6 fxe6 17. Qg3 $1 Qg5+ (17... Bh6+ 18. Kb1 Rhe8 19. Qxe5 fxe5
20. Rf6 $18) 18. Qxg5 fxg5 19. Bxe6+ Kb8 $16) 16... Kb8 17. Qh3 Bh6+ 18. Kb1
Bd2 19. Re2 Bxc3 20. Qxc3 (20. bxc3 $2 d5 $1 $17) 20... Bb5 (20... Qxc3 21.
bxc3 Rhf8 $11) 21. Qxe5 fxe5 22. c4 Bd7 23. Rd2 $6 (23. fxe6 $1 Bxe6 24. Rd2
$14) 23... exf5 24. exf5 (24. Rxd6 Bc6 25. Rxd8+ Rxd8 26. exf5 Rd2 $15) 24...
f6 $1 {The structure is now very pleasant for the second player, white will
have to defend carefully.} 25. Bc2 (25. Rxd6 $2 Bxf5+ 26. Rxf5 Rxd6 $19) 25...
Bc6 26. Re1 (26. Rfd1 Kc7 27. b4 Rhg8 28. g3 Rg4 $15) 26... Rhg8 27. g3 Rg4 28.
b3 Kc7 29. Kb2 a5 30. Re3 (30. Kc3 b5 31. cxb5 Bxb5 32. Be4 $1 Bc6 33. Bd5 Rg5
34. Rc1 Kb6 35. Bxc6 Kxc6 36. Kd3+ Kb6 37. Rdc2 Rxf5 38. Rc6+ Kb7 39. Rc7+ Kb8
40. R1c6 Rf2 41. Re7 $11) 30... d5 31. cxd5 Rxd5 32. Rxd5 Bxd5 33. h4 {xh5} (
33. Kc3 h4 34. a3 Kd6 $15) 33... Rd4 34. Kc1 Kd6 35. Bd1 Bf7 36. Bf3 b5 37. Kc2
(37. a3 b4 $15) 37... b4 38. Rd3 Kc5 39. Rxd4 $2 {This weak move plays into
the hands of the agressor, black king will penetrate into opponent's camp.} (
39. Re3 $1 $15) 39... Kxd4 40. g4 (40. Kd2 e4 41. Bd1 e3+ 42. Ke1 Ke4 43. Ke2
Be8 44. Bc2+ Kd4 45. Bd3 Bc6 $19) 40... Ke3 41. Bd1 (41. gxh5 Kxf3 42. h6 Bg8
$19) 41... hxg4 42. Bxg4 Kf4 43. Be2 (43. Bh3 Kg3 44. Bf1 Kxh4 45. Kd3 Kg5 46.
Ke4 Be8 47. Kd5 Kxf5 48. Kc5 Ke4 49. Kb6 Kd4 50. Kxa5 Kc5 $19) 43... Kxf5 44.
Kd3 Kf4 45. Bd1 (45. h5 Kg5 $19) 45... Bd5 46. Be2 Bb7 47. h5 Kg5 (47... Ba6+
$2 48. Kd2 Bc8 (48... Bxe2 49. h6 $18) 49. h6 Bf5 $19) 0-1

[Event "NED-ch54"]
[Site "Rotterdam "]
[Date "1999.06.10"]
[Round "11"]
[White "Van der Wiel, John"]
[Black "Sokolov, Ivan"]
[Result "1-0"]
[WhiteElo "2526"]
[BlackElo "2624"]
[Annotator "Ftacnik,L"]
[PlyCount "51"]
[EventDate "1999.05.29"]
[EventType "tourn"]
[EventRounds "11"]
[EventCountry "NED"]
[EventCategory "12"]
[SourceTitle "CBM 072"]
[Source "ChessBase"]
[SourceDate "1999.10.01"]
[SourceVersion "1"]
[SourceVersionDate "1999.10.01"]
[SourceQuality "1"]

1. e4 c5 2. Nf3 e6 3. d4 cxd4 4. Nxd4 Nf6 5. Nc3 d6 6. f4 Be7 7. Bb5+ Nfd7 8.
f5 O-O 9. fxe6 Ne5 10. exf7+ Rxf7 11. Rf1 $1 {[%mdl 4] Black tries this pawn
sacrifice from time to time with the hope to benefit from the control of the f
file. White's novelty is trying to eliminate the main source of compensation
for the second player.} (11. Be2 Bh3 12. Rg1 (12. gxh3 $2 Bh4+ 13. Kd2 Qg5#) (
12. g3 Nbc6 13. Be3 Qd7 14. Qd2 Bg2 15. Rg1 Nxd4 16. Bxd4 Nf3+ 17. Bxf3 Bxf3
18. Qe3 Qh3 19. Nd5 Bg4 {0-1 Tolnai,T-Stocek,J/Budapest/1996/ (71)}) 12... Bh4+
13. g3 Nbc6 14. Nxc6 (14. gxh4 $1 Qxh4+ 15. Rg3 Raf8 16. Nf5) 14... bxc6 15.
gxh4 (15. Be3 $1 $10) 15... Qb6 $3 $19 16. Rg3 Qf2+ 17. Kd2 Nf3+ $6 (17... Nc4+
$3 18. Kd3 Rf3+ 19. Kxc4 Qc5+ 20. Kb3 Rb8+) 18. Rxf3 Rxf3 {0-1 Pollinger,
M-Eckerl,U/Bayern/1994/ (28)}) 11... Bh4+ (11... Bg4 12. Be2 (12. Rxf7 $6 Bxd1
13. Ne6 Qb6 14. Rxe7 Bg4 $13) 12... Bh4+ 13. g3 Rxf1+ 14. Kxf1 Bh3+ 15. Kg1 Bf6
16. Nd5 $16) 12. g3 Bf6 13. Nf5 $1 (13. Nd5 Nbc6 $16) 13... Nbc6 (13... Bxf5
14. Rxf5 Qb6 15. Qe2 $16) 14. Be3 (14. Qxd6 Bxf5 15. Qxd8+ Rxd8 16. Rxf5 Nd4
17. Rf2 Ng4 18. Bc4 Nxf2 19. Kxf2 Nxc2 $14) (14. Nxd6 $2 Rd7 15. Qd5+ Kh8 $19)
14... Qa5 15. Nxd6 Bg4 (15... Nf3+ 16. Rxf3 Bxc3+ 17. bxc3 Qxc3+ (17... Rxf3
18. Bc4+ Kh8 19. Qxf3 Qxc3+ 20. Kf2 $18) 18. Kf2 Rxf3+ 19. Kxf3 $18) 16. Qd5
Nb4 (16... Ne7 17. Qb3 $18) 17. Qb3 Bh5 18. Rf5 $1 {Black is clearly in
trouble, his pieces are uncoordinated and instead of counterplay he is bound
to lose more material.} (18. Bc5 Nbc6 19. Rf5 $16) 18... Rd8 (18... Bg6 19. Nc4
$1 Qc7 (19... Nxc4 20. Bxc4 Nxc2+ 21. Qxc2 Bxf5 22. Bxf7+ Kxf7 23. exf5 $18)
20. Nxe5 Bxe5 21. Rxf7 $18) 19. Bc5 Rxd6 20. Qxb4 {White had many roads to
victory, but he prefers the safe choice of exchanging queens.} Qxb4 21. Bxb4
Rd8 22. Rxh5 Nf3+ 23. Kf2 Rd4 24. Be8 Rc7 25. Kxf3 Rxb4 26. Nd5 1-0

[Event "USA-CHN Summit"]
[Site "Seattle"]
[Date "2001.03.16"]
[Round "3.1"]
[White "Ye, Jiangchuan"]
[Black "Gulko, Boris F"]
[Result "1-0"]
[WhiteElo "2671"]
[BlackElo "2622"]
[Annotator "Ftacnik,L"]
[PlyCount "59"]
[EventDate "2001.03.14"]
[EventType "team"]
[EventRounds "4"]
[EventCountry "USA"]
[SourceTitle "CBM 082"]
[Source "ChessBase"]
[SourceDate "2001.05.17"]
[SourceVersion "1"]
[SourceVersionDate "2001.05.17"]
[SourceQuality "1"]
[WhiteTeam "China"]
[BlackTeam "US of America"]
[WhiteTeamCountry "CHN"]
[BlackTeamCountry "USA"]

1. e4 c5 2. Nf3 d6 3. d4 cxd4 4. Nxd4 Nf6 5. Nc3 Nc6 6. Bc4 Qb6 7. Nb3 e6 8.
O-O Be7 9. Be3 Qc7 10. f4 a6 11. Bd3 b5 12. Qf3 Bb7 13. Qh3 O-O 14. Rf3 (14.
Rae1 g6 15. f5 exf5 16. exf5 Ne5 17. Bg5 b4 18. Ne4 Bxe4 19. Bxe4 Nxe4 20. Bxe7
Qa7+ 21. Qe3 Qxe7 22. Qxe4 {1-0 Rogic,D-Greenfeld,A/Berlin/1995/ (29)}) (14. g4
Nd7 15. g5 Nb4 16. Nd4 Rfe8 17. Rf3 e5 18. Nf5 exf4 19. Rxf4 Bxg5 20. Qg3 Qd8
21. Rf2 Bf6 22. Nxd6 Be5 23. Bf4 Bxd6 24. Bxd6 Re6 {0-1 Kozakov,M-Atalik,S/
Lvov/2000/ (42)}) 14... b4 (14... Rfe8 15. Raf1 b4 16. Na4 Nd7 17. Rg3 Bf8 {
1/2-1/2 Tisdall,J-Gulko,B/Reykjavik/1996/ (17)}) 15. Na4 (15. Ne2 a5 16. Rd1 a4
$132) 15... a5 16. Rg3 Kh8 17. Rf1 {White makes no secret about his hopes on
the kingside, but he has to tame the counterplay on the opposite part of the
board.} Ba6 18. Nd2 (18. Bxa6 Rxa6 19. Nd2 Nd8 20. c4 Qc6 21. b3 Nxe4 $15)
18... Bxd3 19. cxd3 Rab8 20. b3 Rb5 21. Rgf3 Nb8 $6 (21... Rc8 22. g4 d5 23. g5
Nd7 24. g6 fxg6 25. Qxe6 $13) 22. g4 Qc2 23. g5 Nfd7 24. d4 d5 (24... Qxa2 25.
g6 fxg6 (25... Nf6 26. e5 fxg6 27. exf6 Rxf6 28. Rc1 $16) 26. Qxe6 Bd8 27. Rh3
$40) 25. g6 $1 {[%mdl 128] Ye disturbs the pawn stucture of the opponent with
this unpleasant attacking move.} fxg6 (25... h6 26. f5 $1 dxe4 27. Bxh6 Kg8 28.
fxe6 exf3 29. exf7+ Rxf7 30. gxf7+ Kxf7 31. Qxf3+ Nf6 32. Be3 $16) 26. Qxe6
dxe4 (26... Bd8 27. e5 Qxa2 28. f5 g5 29. Rh3 $16) 27. Nxe4 Rh5 28. R3f2 Qc8 $2
(28... Qd3 29. Ng3 (29. Ng5 Bd8 30. Rc1 $16) 29... Bh4 30. Rd2 Re5 (30... Qb5
31. Nxh5 Qxh5 32. Nc5 $18) 31. fxe5 Qxe3+ 32. Rff2 Bxg3 33. hxg3 Rxf2 34. Rxf2
Qxg3+ 35. Kf1 Qd3+ 36. Ke1 Qe3+ 37. Re2 Qg1+ 38. Kd2 Qxd4+ 39. Kc2 $18) 29.
Qxe7 Re8 30. Rc2 $1 (30. Rc2 $1 Nc5 31. Qf7 Rxe4 32. Nxc5 Rxe3 33. Ne6 $1 Qg8 (
33... Qxe6 34. Qxe6 Rxe6 35. Rc8+) 34. Rc8 $18) 1-0

[Event "RUS-Cup03 Geller Memorial"]
[Site "Moscow"]
[Date "1999.02.07"]
[Round "6"]
[White "Solovjov, Sergey"]
[Black "Kachar, Vladimir"]
[Result "0-1"]
[WhiteElo "2447"]
[BlackElo "2390"]
[Annotator "Ftacnik,L"]
[PlyCount "58"]
[EventDate "1999.02.10"]
[EventType "swiss"]
[EventRounds "9"]
[EventCountry "RUS"]
[SourceTitle "CBM 070"]
[Source "ChessBase"]
[SourceDate "1999.06.08"]
[SourceVersion "1"]
[SourceVersionDate "1999.06.08"]
[SourceQuality "1"]

1. e4 c5 2. Nf3 e6 3. d4 cxd4 4. Nxd4 Nf6 5. Nc3 d6 6. f4 a6 7. Qf3 Qc7 8. Be3
b5 9. a3 Nbd7 (9... Bb7 10. Bd3 (10. g4 Nc6 11. g5 Nd7 12. Bg2 g6 13. O-O Bg7
14. Rad1 O-O 15. Qf2 b4 16. axb4 Nxb4 17. f5 exf5 18. exf5 Bxg2 19. Kxg2 Ne5 {
0-1 Sluka,R-Kalod,R/Usti nad Labem 1996/ (48)}) 10... Nbd7 11. g4 Nc5 12. g5
Nfd7 13. O-O-O (13. h4 Nb6 14. Bd2 d5 15. e5 Nc4 16. O-O-O O-O-O 17. Rhe1 Ne4
18. Bxc4 Qxc4 19. Nb3 Nxc3 20. Qxc3 d4 21. Qg3 d3 {0-1 Peter,A-Balazs,T/HUN/
1993/ (59)}) (13. Qh3 g6 14. O-O Bg7 15. Rae1 e5 16. Nde2 exf4 17. Nxf4 Bxc3
18. bxc3 O-O 19. Bd4 Ne5 20. Nd5 Bxd5 21. exd5 {1-0 Juarez,A-Moreno,J/Buenos
Aires/1994/ (32)}) 13... Nxd3+ 14. Rxd3 Nc5 15. Rd2 Qa5 16. Kb1 b4 17. axb4
Qxb4 18. Rdd1 Rb8 19. Bc1 g6 20. Rhe1 Bg7 21. Qe3 O-O 22. f5 Be5 {0-1 Cramling,
D-Ehlvest,J/Groningen/1982/ (66)}) 10. g4 (10. Bd3 Be7 11. g4 g5 12. fxg5 Ne5
13. Qg3 Nfxg4 14. Bf4 h6 15. g6 fxg6 16. Be2 Qd8 17. h4 h5 18. O-O-O Qb6 19.
Bxe5 Nxe5 20. Bf1 b4 21. axb4 Qxb4 22. Bh3 Rb8 {0-1 Timman,J-Ljubojevic,L/
London/1982/ (30)}) 10... Nb6 (10... d5 11. exd5 (11. e5 Ne4 12. Nxe4 dxe4 13.
Qe2 Bb7 14. Bg2 Bd5 15. O-O Nc5 16. Rfe1 Be7 17. Rad1 Rd8 18. Nb3 Nxb3 19. cxb3
O-O 20. Rc1 Qb8 21. b4 f6 {0-1 Trepp,M-Quinteros,M/Luzern/1982/ (41)}) 11...
Bb7 12. Bg2 Nxd5 13. Nxd5 Bxd5 14. Qg3 Nb6 15. O-O Bd6 16. Qf2 Bxg2 17. Qxg2
O-O 18. Rad1 Nd5 19. Qe2 Nxe3 20. Qxe3 e5 21. fxe5 Bxe5 22. Rf2 {1/2-1/2 Czebe,
A-Liedl,W/Budapest/1993/ (24)}) (10... h6 11. h4 h5 12. g5 Ng4 13. Bg1 Bb7 14.
O-O-O g6 15. Kb1 (15. Bg2 Rc8 16. Rh3 Bg7 17. Qe2 O-O 18. f5 Rfe8 19. fxg6 fxg6
20. Rg3 Nde5 {0-1 Werner,M-Borriss,M/BL9596/1996/ (34)}) 15... Rc8 16. Rh3 e5
17. Nde2 exf4 18. Nxf4 Bg7 19. Qe2 O-O 20. Ncd5 {1-0 El Taher,F-Neverov,V/
Tanta/1997/ (34)}) 11. g5 Nfd7 12. f5 (12. Bd3 e5 $13) 12... Ne5 13. Qg3 (13.
Qh3 Nbc4 $1) 13... Na4 $5 {[%mdl 4] Very interesting concept of the defense,
black eliminates the defender of e4 pawn. At the same time files on the
queenside are becoming quite open.} (13... Nbc4 14. Bc1 $13) 14. Nxa4 (14. Nd1
$2 Nxb2 $1 $17) 14... bxa4 15. g6 $6 {Typical meassure for opening the
kingside pawn structure, but white is ill prepared for a swift attack.} (15.
Rb1 Rb8 16. c3 Bb7 17. Bg2 Nd3+ 18. Kd2 Nc5 $132) (15. Rg1 Rb8 16. Bc1 $13)
15... hxg6 16. fxe6 Bxe6 (16... fxe6 $5 17. Bh3 Rb8 18. O-O-O Qb7 $17) 17. Nxe6
fxe6 18. O-O-O Be7 (18... Rb8 19. Bd4 $14) 19. Bh3 $6 (19. Bd4 $5 Rc8 20. Bc3
Qc6 $15) 19... Rc8 20. c3 (20. Rd2 Qc4 21. Kb1 Qxe4 $19) 20... Qc4 21. Bd4 Bf6
$1 {It becomes clear, that black can nicely combine defense with attacking
chances against the white king.} (21... Bh4 22. Qg2 Bf6) 22. Rhf1 (22. Bxe5
Bxe5 23. Qxg6+ Ke7 24. Qg5+ (24. Rhf1 Rxh3 $19) 24... Bf6 25. Qg3 Rc6 $19)
22... Ke7 23. Kb1 Rb8 24. Bxe5 (24. Rd2 Qb3 25. Ka1 Nc4 26. Bxf6+ gxf6 27. Qxg6
Nxd2 $19) 24... Bxe5 25. Qf2 (25. Qf3 Rxb2+ $1 26. Kxb2 Qb3+ 27. Kc1 Bf4+ 28.
Rd2 (28. Qxf4 Qxc3+ 29. Kb1 Rb8+) 28... Rc8 $19) 25... Qxe4+ (25... Rxb2+ $5
26. Qxb2 (26. Kxb2 Qxc3+) 26... Qxe4+ 27. Qc2 (27. Ka1 Rxh3 $19) 27... Qb7+ 28.
Qb2 Qxb2+ 29. Kxb2 Rxh3 30. Rc1 Rxh2+ 31. Rc2 Rh8 $19) 26. Ka1 (26. Ka2 Rxb2+
$1 27. Qxb2 Rxh3 $19) 26... Rhf8 27. Qa7+ (27. Qd2 Rf6 $19) 27... Rb7 28. Qxa6
(28. Rfe1 Rxa7 29. Rxe4 Rf2 $19) 28... Rxb2 $1 {Black seizes the proper moment
for the decisive opening of the queenside.} 29. Rc1 (29. Kxb2 Rb8+ 30. Ka2 Qc2+
) (29. Qd3 Qxd3 30. Rxd3 Rxf1+ 31. Kxb2 Rf2+ $19) (29. Rxf8 Ra2+ $1 30. Kxa2
Qc2+ 31. Ka1 Bxc3#) 29... Rfb8 (29... Rfb8 30. Rfe1 Rb1+ $1 31. Rxb1 Bxc3+ $19)
0-1